| 000 | 00694nam a22002057a 4500 | ||
|---|---|---|---|
| 005 | 20241211143214.0 | ||
| 010 | _aDEC24SC ENG-142988 | ||
| 020 |
_a9789358702187 _c599.00 |
||
| 035 | _aEN-126520 | ||
| 037 | _bDBAD | ||
| 082 |
_a000 _21 |
||
| 100 |
_a: Ravinder Dhankhar _974976 |
||
| 245 |
_aGeneral Knowledge Oneliners 35000+ Facts/ _cBy Ravinder Dhankhar |
||
| 250 | _a1 | ||
| 260 |
_aNew Delhi _bS Chand and Company Limited _c2025 |
||
| 270 |
_a A-27, 2nd Floor, Mohan Co-operative Industrial Estate _bNew Delhi _e110044 _minfo@schandpublishing.com _k011-49731800 |
||
| 300 |
_a632p. _c26cm(pb) |
||
| 500 | _aFor all Competitive Exams | ||
| 942 |
_2ddc _cEN _h000 _mDHA _e1 |
||
| 999 |
_c207581 _d207581 |
||